000 00345 a2200145 4500
001 158522
020 _a
040 _cMagnum
100 _aRogerson, John
240 1 0 _aGrandes imperios e civilizacoes: a biblia - v.2
_lpor
245 1 0 _aGrandes imperios e civilizacoes: a biblia - v.2
362 0 _a1899
697 _aCOLECAO
942 _cBK
999 _c158522
_d158522